Curso de lingüística general.

Tallennettuna:
Bibliografiset tiedot
Päätekijä: Saussure, Ferdinand de (autor)
Muut tekijät: Baily, Charles (publicación), Sechehaye, Albert (publicación), Riedlinger, Albert (colaborador), Armiño, Mauro (traductor, notas)
Aineistotyyppi: Kirja
Kieli:espanja
Julkaistu: Madrid, España: Akal, 1991.
Sarja:Akal Universitaria,
Aiheet:
Tagit: Lisää tagi
Ei tageja, Lisää ensimmäinen tagi!

MARC

LEADER 00000nam a2200000 a 4500
001 UCT7493
003 CL-VaPUC
005 20250321101935.0
008 970123t19910000SP |||||||||||||||||spa|d
999 |c 446838  |d 446836 
020 |a 978-84-7600-427-2 
040 |c Pontificia Universidad Católica de Valparaíso 
082 0 4 |a 410 SAU 1991 
100 0 |a Saussure, Ferdinand de  |e autor  |9 350677 
245 1 0 |a Curso de lingüística general. 
260 |a Madrid, España:  |b Akal,  |c 1991. 
300 |a 319 p 
490 0 |a Akal Universitaria,  |n  1. 
500 |a c.1. Instituto Arcos.08-01-2025. 
583 |a last modification  |c 19970123 00:00:00  |k Gabriela Rodríguez Cuevas 
650 0 |a Lingüística  |9 265068  |x Principios y fundamentos 
650 0 |a Gramática comparada y general  |9 313380 
650 0 |a Fonología   |9 341074 
650 0 |a Lingüística sincrónica   |9 378497 
650 0 |a Lingüística diacrónica  |9 378498 
700 |9 895897  |a Baily, Charles  |e publicación 
700 |9 342668  |a Sechehaye, Albert  |e publicación 
700 |9 895885  |a Riedlinger, Albert  |e colaborador 
700 |9 867584  |a Armiño, Mauro  |e traductor  |e notas 
942 |c BK  |2 ddc  |n 0 
945 |d 19970123 00:00:00  |a rbrito 
952 |0 0  |1 0  |2 ddc  |4 0  |6 410_000000000000000_SAU_1991  |7 0  |9 599992  |a BIBINC  |b BIBINC  |c GEN  |d 2025-01-27  |e Instituto Arcos  |i 5664827  |o 410 SAU 1991  |p 5664827  |r 2025-01-27  |t 1  |w 2025-01-27  |y BK  |k IFP